[Event "Salamanca Festival Masters 2018"]
[Site "Salamanca"]
[Date "2018.10.26"]
[Round "5"]
[White "Matnadze, Ana"]
[Black "Karpov, Anatoly"]
[Result "0-1"]
[WhiteElo "2379"]
[BlackElo "2616"]
[Annotator "TA"]
[PlyCount "100"]
[EventDate "2018.10.24"]
[EventType "tourn"]
[EventCountry "ESP"]
[SourceTitle "playchess.com"]
[Source "ChessBase"]
[SourceQuality "1"]

{[%evp 23,100,0,0,-34,-11,-26,0,-16,-8,-4,16,0,0,0,0,-72,-13,-37,0,0,0,0,0,-24,0,0,0,-72,-72,-99,-72,-79,-79,-172,-38,-34,-29,-29,-25,-31,-29,-42,-40,-137,-89,-91,-93,-112,-94,-94,-89,-181,-175,-281,-251,-423,-416,-562,-562,-552,-544,-1214,-12,-10,0,-1208,-1245,-1131,-954,-29981,-904,-29982,-29983,-29983,-29984,-29988,-29987,-29987,-29988]} 1. d4 Nf6 2. Nf3 d5 3. g3 c6 4. Bg2 Bf5 5. O-O e6 6. c4 Nbd7 7. Nc3 Be7 8. Qb3 Qb6 9. c5 Qxb3 10. axb3 O-O 11. b4 a6 {D11: Slav Defence: 3 Nf3 sidelines and 3...Nf6 4 e3 Bg4} 12. Nd2 Bc2 {LiveBook: 4 Games} 13. f4 (13. Nf3 Rac8 14. Bf4 h6 15. h3 g5 16. Bd2 Bg6 17. Rfd1 Ne4 18. Be1 Bf6 19. e3 {½-½ (44) Mchedlishvili,M (2625)-Zhigalko,S (2656) Sestao 2010}) 13... Rfb8 $146 {Black is slightly better.} ({Predecessor:} 13... h6 14. h3 Ne8 15. b5 Nc7 16. b6 Nb5 17. Nf3 Nxc5 18. dxc5 Bxc5+ 19. Kh2 Bxb6 {½-½ (67) Matnadze,A (2409)-Fandino Reyes,R (2154) Balaguer 2007}) 14. Nf3 Ne8 15. g4 f5 16. h3 Nef6 17. Ne5 Nxe5 18. fxe5 {[#] Strongly threatening Bg5.} Ne4 19. gxf5 (19. Nxe4 $11 Bxe4 20. Bd2) 19... exf5 ({Black should try} 19... Ng3 $17 20. Rf2 Nxf5) 20. Bf4 g5 (20... Rf8 {keeps more tension.} 21. Be3 Ng3 22. Rfc1 Be4 23. Kh2 Nh5) 21. Nxe4 Bxe4 22. Bd2 Rf8 23. Ra3 h6 {[%cal Bh7h6,Bh6h5][%mdl 32]} 24. Bf3 Kg7 25. Rfa1 (25. Bh5 $11 {keeps the balance.}) 25... Kg6 $17 26. Be1 Rac8 27. Rc3 h5 28. b5 (28. Bd2 $17 {was necessary.}) 28... cxb5 (28... axb5 $19 29. Ra7 Rb8 30. Bxe4 fxe4) 29. c6 $15 Rxc6 30. Rxc6+ bxc6 31. Rxa6 Rc8 32. Ra7 Bf8 33. b4 (33. Bd2 $15) 33... f4 34. Bd2 Bf5 35. Bg2 Bh6 36. Ra6 Be6 37. Be1 (37. e3 $17) 37... g4 38. hxg4 (38. Bf1 $142) 38... hxg4 $19 39. Ra7 $2 {[#]} (39. Bh4) 39... Bg5 40. Bf1 Bf5 41. Bg2 Be4 42. Rd7 Kf5 $2 (42... Ra8 $19 43. Bc3 Ra2 44. Bxe4+ dxe4) 43. Rf7+ $1 $11 Kg6 $2 {[%mdl 8192]} (43... Ke6 $11 44. Rg7 Kf5) 44. Rd7 $1 $19 Ra8 45. Bc3 Ra3 46. Bd2 Ra2 (46... Rg3 $142 47. Kf1 Rxg2 48. Rd6+ Kf5 49. Rd7 g3 50. Rf7+ Kg4 51. Bxf4 Bxf4 52. Rg7+ Bg5 53. Rg8 Rh2 54. Rxg5+ Kxg5 55. e3 g2+ 56. Kf2 Rh1 57. Ke2 g1=Q 58. e6 Rh2#) 47. Bc3 Rc2 {Black mates.} 48. Rd6+ Kf5 49. Rxc6 Rc1+ 50. Bf1 g3 {Precision: White = 27%, Black = 46%.} 0-1

[Event "Salamanca Festival Masters 2018"]
[Site "Salamanca"]
[Date "2018.10.26"]
[Round "5"]
[White "Calzetta, Mónica"]
[Black "Topalov, Veselin"]
[Result "0-1"]
[WhiteElo "2235"]
[BlackElo "2699"]
[Annotator "TA"]
[PlyCount "63"]
[EventDate "2018.10.24"]
[EventType "tourn"]
[EventCountry "ESP"]
[SourceTitle "playchess.com"]
[Source "ChessBase"]
[SourceQuality "1"]

{[%evp 20,63,13,14,18,12,10,19,18,0,-3,-47,-33,-33,-5,-7,-7,-75,-75,-93,-52,-66,-57,-52,-39,-52,-37,-93,-37,-58,-29,-36,20,0,0,0,0,0,0,-97,-91,-122,-119,-141,-105,-225]} 1. e4 e5 2. Nf3 Nc6 3. Bb5 Nf6 4. O-O Nxe4 5. d4 Nd6 6. dxe5 Nxb5 7. a4 d6 8. e6 Bxe6 {C67: Ruy Lopez: Berlin Defence: 4 0-0 Nxe4} 9. axb5 Ne5 10. Nd4 Bd7 11. f4 {LiveBook: 7 Games} Ng4 12. Re1+ (12. Qf3 Be7 13. f5 Nf6 14. Qxb7 O-O 15. Nc6 Bxc6 16. Qxc6 d5 17. Bf4 Bd6 18. Nc3 Bxf4 19. Rxf4 Re8 {½-½ (19) Firouzja,A (2561)-Wang,H (2711) Kuala Lumpur 2018}) 12... Be7 {[%cal Bf8e7,Be7h4,Bh4f6][%mdl 32]} 13. Qe2 Kf8 14. Nc3 $146 ({Predecessor:} 14. f5 h5 15. Nd2 Bf6 16. N2f3 Nxh2 17. Kxh2 Bxd4 18. Ra4 Bf6 19. Qd3 a6 20. Rae4 Bxb5 21. c4 Bc6 {0-1 (21) Hewson,M (1857)-Wastney,S (2381) Wellington 2012}) 14... Bh4 15. g3 Bf6 16. Nf3 h5 17. Nd5 c6 18. bxc6 (18. Nxf6 $11 {keeps the balance.} Nxf6 19. bxc6 Bxc6 20. Be3) 18... Bxc6 $17 19. c4 a6 20. h3 Bxd5 21. cxd5 Nh6 22. Be3 Qd7 23. Kg2 (23. Ng5 $15) 23... Nf5 ({Black should try} 23... Re8 $17 24. Qf2 Nf5) 24. Bf2 $15 g6 25. Rac1 Ne7 (25... Kg7 $15) 26. Qd2 Rc8 27. Rxc8+ Qxc8 28. Bd4 Nxd5 29. Bxf6 (29. Ng5 $1 $11) 29... Nxf6 $17 30. Qxd6+ Kg7 31. Re7 Qc2+ 32. Kf1 {Precision: White = 34%, Black = 42%.} (32. Qd2 $17 {is a better defense.} Qxd2+ 33. Nxd2) 0-1

[Event "Salamanca Festival Masters 2018"]
[Site "Salamanca"]
[Date "2018.10.27"]
[Round "6"]
[White "Topalov, Veselin"]
[Black "Granda Zúñiga, Julio E"]
[Result "1-0"]
[WhiteElo "2699"]
[BlackElo "2641"]
[Annotator "TA"]
[PlyCount "43"]
[EventDate "2018.10.24"]
[EventType "tourn"]
[EventCountry "ESP"]
[SourceTitle "playchess.com"]
[Source "ChessBase"]
[SourceQuality "1"]

{[%evp 19,43,28,42,26,39,27,55,25,25,22,30,29,40,29,52,42,131,82,89,89,139,83,131,119,292,290]} 1. e4 {King,D} c6 2. d4 d5 3. e5 Bf5 4. Nf3 e6 5. Be2 Ne7 6. c3 Nd7 7. O-O c5 8. dxc5 Nc6 {B12: Caro-Kann: Advance Variation} 9. Nd4 (9. b4 a5 10. Nd4 Bg6 11. b5 Ncxe5 12. f4 Nc4 13. c6 bxc6 14. bxc6 Nf6 15. Qa4 Bc5 16. Na3 {0-1 (26) Dominguez Perez,L (2739)-So,W (2788) Saint Louis 2017}) 9... Bxb1 10. Rxb1 Bxc5 {LiveBook: 4 Games. White has an edge.} 11. f4 O-O 12. Kh1 Rc8 13. Be3 Qe7 $146 ({Predecessor:} 13... a5 14. f5 Ndxe5 15. fxe6 Qb6 16. exf7+ Rxf7 17. Rxf7 Nxf7 {½-½ (48) Xie,J (2460)-Maric,A (2425) Beijing/Belgrade 1991 CBM 023 [King,D]}) 14. a3 a6 15. Bd3 g6 16. Qg4 Rc7 17. Qg3 Rfc8 (17... Bxd4 $14 18. cxd4 f5) 18. Rbe1 Kh8 19. Qh3 Rg8 20. Bf2 (20. g4 $142) 20... Qd8 21. g4 Be7 $2 {[#]} (21... Qe8 $16) 22. Nf3 $1 {Precision: White = 82%, Black = 26%.} 1-0

[Event "Salamanca Festival Masters 2018"]
[Site "Salamanca"]
[Date "2018.10.27"]
[Round "6"]
[White "Matnadze, Ana"]
[Black "Calzetta, Mónica"]
[Result "1-0"]
[WhiteElo "2379"]
[BlackElo "2235"]
[Annotator "NA"]
[PlyCount "75"]
[EventDate "2018.10.24"]
[EventType "tourn"]
[EventCountry "ESP"]
[SourceTitle "playchess.com"]
[Source "ChessBase"]
[SourceQuality "1"]
[TimeControl "2400+5"]

1. Nf3 {[%emt 0:00:00]} c5 {[%emt 0:00:15]} 2. c4 {[%emt 0:00:14]} g6 {[%emt 0:00:18]} 3. Nc3 {[%emt 0:00:07]} Nc6 {[%emt 0:00:42]} 4. g3 {[%emt 0:00:03]} Bg7 {[%emt 0:00:07]} 5. Bg2 {[%emt 0:00:06]} d6 {[%emt 0:02:34]} 6. O-O {[%emt 0:00:15]} e6 {[%emt 0:00:02]} 7. e3 {[%emt 0:01:30]} Nge7 {[%emt 0:00:14]} 8. d4 {[%emt 0:00:28]} O-O {[%emt 0:01:52]} 9. d5 {[%emt 0:04:00]} Na5 {[%emt 0:00:21]} 10. Nd2 {[%emt 0:00:31]} Rb8 {[%emt 0:00:41]} 11. a4 {[%emt 0:00:46]} b6 {[%emt 0:02:49]} 12. Qc2 {[%emt 0:02:07]} Ba6 {[%emt 0:03:07]} 13. Nb5 {[%emt 0:01:27]} exd5 {[%emt 0:00:34]} 14. cxd5 {[%emt 0:00:07]} Qd7 {[%emt 0:01:40]} 15. Nc4 {[%emt 0:00:11]} Nxc4 {[%emt 0:00:53]} 16. Qxc4 {[%emt 0:00:03]} Bb7 {[%emt 0:06:30]} 17. Nxa7 {[%emt 0:02:46]} Nxd5 {[%emt 0:00:11]} 18. Bxd5 {[%emt 0:00:43]} Bxd5 {[%emt 0:00:03]} 19. Qxd5 {[%emt 0:00:10]} Qxa7 {[%emt 0:00:01]} 20. Qxd6 {[%emt 0:00:22]} Rfd8 {[%emt 0:00:18]} 21. Qc6 {[%emt 0:00:38]} h5 {[%emt 0:08:48]} 22. Ra3 {[%emt 0:00:59]} Qa6 {[%emt 0:01:37]} 23. Kg2 {[%emt 0:05:18]} h4 {[%emt 0:00:26]} 24. gxh4 {[%emt 0:00:30]} c4 {[%emt 0:02:41]} 25. Qf3 {[%emt 0:02:07]} Rd6 {[%emt 0:00:46]} 26. e4 {[%emt 0:02:15]} Rbd8 {[%emt 0:00:02]} 27. Re3 {[%emt 0:02:39]} Qxa4 {[%emt 0:00:12]} 28. e5 {[%emt 0:01:15]} Re6 {[%emt 0:00:19]} 29. Ra3 {[%emt 0:02:51]} Qb5 {[%emt 0:00:05]} 30. Ra7 {[%emt 0:01:30]} Qe8 {[%emt 0:00:25]} 31. Bg5 {[%emt 0:00:42]} Rc8 {[%emt 0:00:22]} 32. Rd1 {[%emt 0:02:33]} Bxe5 {[%emt 0:00:08]} 33. Rdd7 {[%emt 0:00:16]} f5 {[%emt 0:03:33]} 34. Qd5 {[%emt 0:00:10]} Bb8 {[%emt 0:00:08]} 35. Rg7+ {[%emt 0:00:51]} Kh8 {[%emt 0:00:04]} 36. Rh7+ {[%emt 0:00:07]} Kg8 {[%emt 0:00:01]} 37. Rag7+ {[%emt 0:00:11]} Kf8 {[%emt 0:00:01]} 38. Bh6 {[%emt 0:00:37]} 1-0

[Event "Salamanca Festival Masters 2018"]
[Site "Salamanca"]
[Date "2018.10.27"]
[Round "6"]
[White "Santos Ruiz, Miguel"]
[Black "Skripchenko, Almira"]
[Result "1-0"]
[WhiteElo "2327"]
[BlackElo "2414"]
[Annotator "TA"]
[PlyCount "107"]
[EventDate "2018.10.24"]
[EventType "tourn"]
[EventCountry "ESP"]
[SourceTitle "playchess.com"]
[Source "ChessBase"]
[SourceQuality "1"]

{[%evp 10,107,29,14,16,11,27,18,22,26,29,26,31,19,31,36,32,28,36,27,35,35,28,38,28,30,33,19,28,12,36,38,36,52,43,30,45,44,49,48,47,47,195,110,120,111,112,120,126,75,279,300,283,262,313,325,297,297,368,316,311,310,302,276,287,282,360,335,511,444,444,443,445,431,456,375,458,404,1074,0,489,325,552,673,660,636,888,673,1641,1660,1186,1105,1173,499,1020,542,29979,29980,12841,12837]} 1. e4 e5 2. Nf3 Nc6 3. Bb5 a6 4. Ba4 d6 5. c4 Bd7 (5... g6 6. d4 exd4 7. Bg5 Qd7 8. Nxd4 Bg7 9. Nxc6 bxc6 10. Nc3 Rb8 11. Nd5 Kf8 12. O-O h6 13. Be3 {½-½ (46) Mazur,S (2472)-Banusz,T (2608) Slovakia 2018}) 6. d4 {LiveBook: 27 Games. C71: Ruy Lopez: Deferred Steinitz Variation, sidelines} Nxd4 7. Bxd7+ Qxd7 8. Nxd4 {White has an edge.} exd4 9. Qxd4 Nf6 10. Nc3 {[%cal Bb1c3,Bc3e2,Be2d4,Bd4c6,Bc6e7][%mdl 32]} Be7 11. b3 b5 $146 ({Predecessor:} 11... O-O 12. O-O Ng4 13. Nd5 {1-0 (58) Storani,G-Postl,R ICCF email 1999}) 12. Bb2 c6 13. O-O O-O 14. Rfe1 Qa7 15. Ne2 bxc4 16. Qxc4 d5 17. exd5 cxd5 18. Qf4 {Hoping for Ng3.} Ne4 19. Nd4 Bf6 20. Nc6 Qb6 21. Bxf6 Nxf6 22. Ne7+ Kh8 23. Rad1 Rad8 24. Qd4 Qb7 25. Nf5 Rd7 {[#]} (25... Qd7 $14 26. Qf4 g6) 26. Re3 (26. Rd3 $1 $18 Qa7 27. Rc3) 26... Qc6 27. Rde1 {Rc3 is the strong threat.} Rc7 28. h3 Qc5 29. Qh4 $40 {[%mdl 128] White is out for blood.} (29. Qf4 $142) 29... Rc6 $2 {[#]} (29... Ne4 $16) 30. b4 $1 $18 {[%cal Rb4c5]} Qc4 31. Qg5 {[%csl Gf5][%cal Rg5g7]} g6 32. Qh6 {[%csl Gf5][%cal Rh6g7]} Rg8 {Strongly threatening ...d4.} 33. Ne7 d4 34. Re5 ({Not} 34. Nxg8 dxe3 35. Nxf6 exf2+ 36. Kxf2 (36. Kh2 Qf4+ 37. Qxf4 fxe1=Q $11) 36... Rxf6+ 37. Kg1 Qd4+ 38. Kh1 Qd8 $11) 34... Rd8 35. Nxc6 Qxc6 36. Qf4 {Threatens to win with Re6!} Kg7 37. Rc5 Qa4 38. Qd2 Rd6 (38... Rd7 $142 39. Ree5 d3) 39. Re7 Ng8 40. Re4 d3 41. Re3 Rb6 42. Rxd3 Rxb4 43. Qc3+ Kh6 (43... Nf6 $142 44. Rf3 Rb6) 44. Qd2+ (44. Qc1+ $142 Kg7 45. Qa1+ Kh6 46. Rd8) 44... Kg7 45. Rc1 Rf4 $2 (45... Nf6 46. f3 Rb5) 46. Qc3+ Kh6 47. a3 Ne7 48. Rf3 Nf5 49. Qd2 g5 50. Rxf4 gxf4 51. g3 (51. Qd5 $142) 51... Kg6 (51... Nd4 $142 52. Qxf4+ Kg6 53. Qg4+ Kh6) 52. Qxf4 Nd4 {aiming for ...Ne2+.} 53. Qg4+ Kf6 54. Rd1 {Precision: White = 56%, Black = 44%.} 1-0

[Event "Salamanca Festival Masters 2018"]
[Site "Salamanca"]
[Date "2018.10.27"]
[Round "7"]
[White "Granda Zúñiga, Julio E"]
[Black "Matnadze, Ana"]
[Result "1/2-1/2"]
[WhiteElo "2641"]
[BlackElo "2379"]
[Annotator "TA"]
[PlyCount "82"]
[EventDate "2018.10.24"]
[EventType "tourn"]
[EventCountry "ESP"]
[SourceTitle "playchess.com"]
[Source "ChessBase"]
[SourceQuality "1"]

{[%evp 10,82,10,0,0,0,1,11,31,16,43,44,40,10,52,27,93,93,89,81,96,95,230,224,254,242,349,157,154,143,191,193,168,142,236,255,237,185,212,208,326,335,484,324,302,258,250,173,185,19,31,0,0,0,0,0,0,0,0,0,0,0,0,0,0,0,0,0,0,0,0,0,0,0,0]} 1. d4 Nf6 2. c4 e6 3. Nf3 Bb4+ 4. Nbd2 d5 5. a3 Be7 6. b4 {LiveBook: 8 Games. E11: Bogo-Indian} a5 7. b5 c5 8. cxd5 $146 ({Predecessor:} 8. bxc6 bxc6 9. e3 O-O 10. Qc2 Nbd7 11. c5 a4 12. Bd3 Qa5 {1-0 (36) Karpov,A (2668)-Kogan,A (2566) Calatrava 2007}) 8... Nxd5 9. Bb2 O-O 10. e4 {[%cal Be2e4,Be4e5][%mdl 32]} Nb6 11. dxc5 Bxc5 12. Qc2 Be7 (12... N8d7 $11 {remains equal.}) 13. Be2 $36 {[%mdl 2048] White is really pushing.} f6 14. e5 Nd5 15. O-O f5 (15... Nd7 $16) 16. Nd4 $18 Qe8 17. Bf3 Qg6 (17... Nb6 $142 18. Nc4 Bc5) 18. Rac1 (18. Bxd5 $18 {and the rest is easy.} exd5 19. e6 $1 {[%mdl 512]}) 18... Nd7 $16 19. Nc4 Bg5 20. Rcd1 N7b6 21. Nd6 Bd7 (21... Be7 $16 22. a4 Bxd6 23. exd6 Bd7) 22. Nxb7 $18 Rfc8 23. Qb3 a4 {[#]} 24. Qa2 $1 Nc4 (24... Be7 {might work better.} 25. Rfe1 Qf7) 25. Nd6 Ncb6 (25... Nxd6 {was called for.} 26. Bxd5 exd5) 26. Nc6 Rxc6 27. bxc6 Bxc6 {Black hopes to continue with ...Nb4.} 28. Bd4 Nc3 29. Bxc6 $2 (29. Bxc3 $18 Bxf3 30. Rd3 (30. gxf3 $2 Bf4+ 31. Kh1 Qh6 $19)) 29... Nxa2 $11 30. Bxa8 (30. Bxb6 $5 {[%cal Rc6a8]} Ra6 31. Be8 $16) 30... Nxa8 {The position is equal.} 31. Rb1 {Threatening mate with Rb8+.} ({Don't take} 31. Ra1 $6 Nc7 $16) 31... h5 {White must now prevent ...Nc1!} 32. f4 $1 {[%cal Rf4g5]} Nc7 33. fxg5 Qxg5 34. Rf2 $1 {[%cal Rf2a2]} Nc1 $1 {And now ...Nd5 would win.} 35. h4 $1 Qxh4 36. Rxc1 Qxd4 37. Rxc7 Qa1+ 38. Rf1 Qd4+ 39. Rf2 Qa1+ 40. Rf1 Qd4+ 41. Rf2 Qa1+ {Precision: White = 58%, Black = 41%.} 1/2-1/2

[Event "Salamanca Festival Masters 2018"]
[Site "Salamanca"]
[Date "2018.10.27"]
[Round "7"]
[White "Atalik, Ekaterina"]
[Black "Santos Ruiz, Miguel"]
[Result "0-1"]
[WhiteElo "2420"]
[BlackElo "2327"]
[Annotator "NA"]
[PlyCount "118"]
[EventDate "2018.10.24"]
[EventType "tourn"]
[EventCountry "ESP"]
[SourceTitle "playchess.com"]
[Source "ChessBase"]
[SourceQuality "1"]
[TimeControl "2400+5"]

1. d4 {[%emt 0:00:00]} Nf6 {[%emt 0:00:00]} 2. c4 {[%emt 0:00:02]} e6 {[%emt 0:00:00]} 3. Nc3 {[%emt 0:00:03]} Bb4 {[%emt 0:00:00]} 4. g3 {[%emt 0:00:03]} O-O {[%emt 0:00:11]} 5. Bg2 {[%emt 0:00:17]} d5 {[%emt 0:00:01]} 6. Nf3 {[%emt 0:00:06]} dxc4 {[%emt 0:00:02]} 7. O-O {[%emt 0:00:14]} Nc6 {[%emt 0:00:02]} 8. Qa4 {[%emt 0:00:10]} Nd5 {[%emt 0:00:02]} 9. Qc2 {[%emt 0:00:11]} Be7 {[%emt 0:00:03]} 10. Rd1 {[%emt 0:00:31]} Ncb4 {[%emt 0:00:02]} 11. Qb1 {[%emt 0:01:30]} c5 {[%emt 0:00:03]} 12. a3 {[%emt 0:07:54]} Nxc3 {[%emt 0:04:24]} 13. bxc3 {[%emt 0:00:02]} Nd5 {[%emt 0:00:02]} 14. Bd2 {[%emt 0:01:29]} Qa5 {[%emt 0:05:44]} 15. dxc5 {[%emt 0:05:29]} Bxc5 {[%emt 0:03:01]} 16. e4 {[%emt 0:00:12]} Ne7 {[%emt 0:01:07]} 17. e5 {[%emt 0:02:25]} Bd7 {[%emt 0:05:38]} 18. Ng5 {[%emt 0:00:53]} Ng6 {[%emt 0:00:03]} 19. Qxb7 {[%emt 0:01:04]} Ba4 {[%emt 0:02:52]} 20. Rdb1 {[%emt 0:01:37]} Rad8 {[%emt 0:00:26]} 21. Be1 {[%emt 0:00:13]} Bb6 {[%emt 0:01:32]} 22. Qe4 {[%emt 0:00:12]} Qxe5 {[%emt 0:04:49]} 23. Qxc4 {[%emt 0:00:11]} Bc2 {[%emt 0:00:02]} 24. Nf3 {[%emt 0:01:24]} Qf5 {[%emt 0:00:02]} 25. Rc1 {[%emt 0:00:36]} Bd3 {[%emt 0:00:06]} 26. Qa2 {[%emt 0:00:37]} e5 {[%emt 0:00:37]} 27. a4 {[%emt 0:01:31]} Be4 {[%emt 0:01:41]} 28. Qe2 {[%emt 0:00:07]} Bd3 {[%emt 0:00:01]} 29. Qa2 {[%emt 0:00:13]} Rd6 {[%emt 0:00:51]} 30. a5 {[%emt 0:00:12]} Bc5 {[%emt 0:00:01]} 31. Nd2 {[%emt 0:00:23]} e4 {[%emt 0:01:23]} 32. Nb3 {[%emt 0:00:29]} Nf4 {[%emt 0:01:17]} 33. Nxc5 {[%emt 0:00:59]} Ne2+ {[%emt 0:00:22]} 34. Kh1 {[%emt 0:00:02]} Nxc1 {[%emt 0:00:02]} 35. Qa3 {[%emt 0:00:07]} Rc6 {[%emt 0:00:17]} 36. Nb7 {[%emt 0:01:53]} Ne2 {[%emt 0:00:30]} 37. Qe7 {[%emt 0:01:06]} Nxc3 {[%emt 0:01:17]} 38. Qb4 {[%emt 0:03:39]} Nd5 {[%emt 0:00:48]} 39. Qd4 {[%emt 0:00:01]} Qc8 {[%emt 0:00:36]} 40. Qxd5 {[%emt 0:00:41]} Qxb7 {[%emt 0:00:01]} 41. Qd4 {[%emt 0:01:31]} Qe7 {[%emt 0:01:05]} 42. h4 {[%emt 0:00:07]} Qf6 {[%emt 0:00:04]} 43. Qxf6 {[%emt 0:00:07]} Rxf6 {[%emt 0:00:01]} 44. Bd2 {[%emt 0:00:15]} Rb8 {[%emt 0:00:09]} 45. Be3 {[%emt 0:00:02]} Ra6 {[%emt 0:00:02]} 46. Ra4 {[%emt 0:00:19]} h6 {[%emt 0:00:17]} 47. Kh2 {[%emt 0:00:15]} Rb5 {[%emt 0:00:03]} 48. Bd2 {[%emt 0:00:20]} Rf6 {[%emt 0:00:17]} 49. Be3 {[%emt 0:00:07]} a6 {[%emt 0:00:01]} 50. Bh3 {[%emt 0:00:09]} Rb2 {[%emt 0:00:06]} 51. Kg2 {[%emt 0:00:52]} Rb1 {[%emt 0:00:11]} 52. Bg4 {[%emt 0:00:12]} Rd6 {[%emt 0:00:18]} 53. h5 {[%emt 0:00:07]} Rd5 {[%emt 0:00:02]} 54. Ra3 {[%emt 0:00:16]} f5 {[%emt 0:00:02]} 55. Bh3 {[%emt 0:00:04]} Be2 {[%emt 0:00:02]} 56. Kh2 {[%emt 0:00:05]} Bf3 {[%emt 0:00:03]} 57. Bg2 {[%emt 0:00:02]} Rdd1 {[%emt 0:00:02]} 58. Bxf3 {[%emt 0:00:03]} exf3 {[%emt 0:00:01]} 59. g4 {[%emt 0:00:01]} Rg1 {[%emt 0:00:04]} 0-1

[Event "Salamanca Festival Masters 2018"]
[Site "Salamanca"]
[Date "2018.10.27"]
[Round "7"]
[White "Skripchenko, Almira"]
[Black "Topalov, Veselin"]
[Result "0-1"]
[WhiteElo "2414"]
[BlackElo "2699"]
[Annotator "TA"]
[PlyCount "103"]
[EventDate "2018.10.24"]
[EventType "tourn"]
[EventCountry "ESP"]
[SourceTitle "playchess.com"]
[Source "ChessBase"]
[SourceQuality "1"]

{[%evp 12,103,13,15,9,10,13,7,15,17,22,-6,-4,-33,-28,-24,-26,-66,6,10,4,0,0,0,14,10,19,0,2,-15,-16,-19,5,2,2,-4,-4,-6,-2,-2,-3,-4,0,-13,-13,-13,-13,-13,-8,-18,-14,-25,-22,-37,-13,-21,-21,-82,-79,-78,-84,-393,-280,-386,-337,-391,-349,-330,-275,-400,-386,-393,-379,-379,-371,-335,-334,-560,-560,-751,-751,-1079,-751,-933,-751,-29953,-29956,-29953,-29959,-12377,-12389,-12370,-5477,-12377]} 1. e4 d5 2. exd5 Nf6 3. Nf3 Nxd5 4. d4 g6 5. h3 Bg7 6. Bc4 {B01: Skandinavische Verteidigung} O-O 7. O-O {LiveBook: 14 Partien} Nb6 8. Bb3 {Die Stellung ist ausgeglichen.} c5 9. dxc5 Qxd1 10. Rxd1 N6d7 11. Ng5 $146 ({Vorgänger:} 11. Nc3 Nxc5 12. Be3 Nxb3 13. axb3 {½-½ (68) Skripchenko,A (2456)-Muzychuk,A (2523) Moscow 2010}) 11... Nxc5 12. Bc4 Nc6 13. Nc3 h6 14. Be3 hxg5 (14... Bxc3 $1 $15 15. bxc3 Na4) 15. Bxc5 $11 g4 16. hxg4 Bxg4 17. f3 Bxc3 18. bxc3 Bf5 19. Bb5 {Droht g4.} Rfc8 20. Bxc6 Rxc6 21. Bxe7 Bxc2 22. Rd7 b6 23. Rc1 Bf5 24. Rd6 Rac8 25. Rxc6 Rxc6 {[%mdl 4096] Endspiel KTL-KTL} 26. g4 Re6 27. gxf5 (27. Bg5 {is more complex.} Bd3 28. Rd1 Bc4 29. Rd7 f6 30. Bh6) 27... Rxe7 28. fxg6 fxg6 {KT-KT} 29. Kf2 Re5 30. Rd1 Ra5 31. Rd2 Kf7 32. Ke3 Ra4 33. c4 Ke6 34. Rg2 {[#]} (34. Rc2 $1 $11) 34... Kf5 $1 $17 35. Rc2 Ra3+ 36. Kd4 $2 {[%mdl 8192]} (36. Ke2 $17 {leistet mehr Widerstand.}) 36... Kf4 37. c5 Ra4+ 38. Kc3 bxc5 39. Rg2 {Tg4+ ist eine echte Drohung.} Ra6 ({Weniger gut wäre} 39... Kxf3 40. Rxg6 Rxa2 41. Rg5 $15) 40. Kc4 (40. Kb3 $142) 40... Kxf3 $19 41. Rg1 Kf4 42. Rf1+ Ke5 43. Rg1 {[#]} Kf6 $1 ({Nicht} 43... Rxa2 44. Rxg6 Rc2+ 45. Kd3 $11) 44. Rg2 $2 (44. Rf1+ Kg7 45. Rf2) 44... g5 {[%cal Bg6g5,Bg5g4,Bg4g3][%mdl 32]} 45. Kxc5 Kf5 46. Kb5 Rb6+ 47. Kc5 g4 48. a4 Rg6 49. Kd4 g3 50. Ke3 Kg4 51. Rg1 Re6+ 52. Kd4 {Precision: Weiß = 43%, Schwarz = 75%.} 0-1

[Event "Salamanca Festival Masters 2018"]
[Site "Salamanca"]
[Date "2018.10.27"]
[Round "7"]
[White "Calzetta, Mónica"]
[Black "Karpov, Anatoly"]
[Result "0-1"]
[WhiteElo "2235"]
[BlackElo "2616"]
[Annotator "TA"]
[PlyCount "78"]
[EventDate "2018.10.24"]
[EventType "tourn"]
[EventCountry "ESP"]
[SourceTitle "playchess.com"]
[Source "ChessBase"]
[SourceQuality "1"]

{[%evp 29,78,36,42,17,23,5,14,0,0,-37,-29,-47,-46,-41,-41,-76,-68,-79,-70,-71,-75,-73,-64,-72,-77,-56,-45,-111,-109,-251,-244,-241,-237,-232,-214,-365,-358,-325,-337,-539,-518,-543,-550,-574,-575,-593,-620,-810,-709,-1034,-985]} 1. e4 e5 2. Nf3 Nc6 3. Bb5 a6 4. Ba4 Nf6 5. O-O Be7 6. Re1 b5 7. Bb3 d6 8. c3 O-O 9. d4 Bg4 10. d5 Na5 11. Bc2 c6 12. h3 Bd7 13. Nxe5 dxe5 14. d6 Be6 15. dxe7 {C91: Closed Ruy Lopez: 7...d6 8 c3 0-0 9 d4} Qxe7 {LiveBook: 18 Games} 16. Bg5 (16. Qf3 Rfd8 17. Nd2 Nd7 18. Nf1 Qf6 19. Qg3 Qg6 20. Qh4 h6 21. Ng3 Qf6 22. Qh5 Nf8 {1-0 (84) Lopez Martinez,J (2576)-Petrosian,T (2616) Plovdiv 2008}) 16... h6 17. Bh4 {White has an edge.} Rfd8 18. Qf3 $146 ({Predecessor:} 18. Qe2 Rd7 19. Nd2 Rad8 20. Nf3 Bc4 21. Qe3 Bd3 22. Bxd3 Rxd3 {0-1 (40) Trbojevic,M (2406)-Handler,L (2379) Austria 2017}) 18... c5 19. b3 Nc6 20. Qe3 g5 21. Bg3 Nh5 22. Bh2 Qd6 $36 {[%mdl 2048] Black is pushing.} 23. Na3 Nf4 24. Rad1 Qe7 25. Nb1 b4 26. Bd3 Nxd3 27. Rxd3 f6 28. Red1 (28. Rxd8+ $15 Rxd8 29. Bg3) 28... c4 $17 29. Rd5 (29. bxc4 $17 Bxc4 30. Rxd8+ Rxd8 31. Rxd8+ Qxd8 32. Nd2) 29... Bxd5 $19 30. exd5 Rac8 31. bxc4 Na5 {[%cal Bc6a5,Ba5b7,Bb7d6][%mdl 32]} 32. Qe4 $2 {[#]} (32. cxb4 Nxc4 33. Qb3) 32... Rxc4 33. Qg6+ Qg7 34. Qf5 (34. Qd3 {was forced.} Qh7 35. Qf3) 34... bxc3 {Black is clearly winning.} 35. Na3 Rc5 36. d6 Nb7 37. Nc2 Nxd6 38. Qe6+ Qf7 39. Qg4 Qxa2 {Precision: White = 18%, Black = 98%.} 0-1